Cervantes en Portugal
Saved in:
| Format: | Bog |
|---|---|
| Sprog: | spansk |
| Udgivet: |
Santiago
Nascimento
1926
|
| Udgivelse: | 1a. ed |
| Fag: | |
| Tags: |
Tilføj Tag
Ingen Tags, Vær først til at tagge denne postø!
|
MARC
| LEADER | 00000nam a2200000 a 4500 | ||
|---|---|---|---|
| 001 | UCJ3773 | ||
| 003 | CL-VaPUC | ||
| 008 | 070124e19260000CL |||||||||||||||||spa|d | ||
| 082 | 0 | 4 | |a 983 |b MED |2 21 |
| 245 | 1 | 0 | |a Cervantes en Portugal |
| 250 | |a 1a. ed | ||
| 300 | |a 42 p | ||
| 942 | |c BK | ||
| 945 | |d 20070124 00:00:00 |a rinostro | ||
| 260 | |a Santiago |b Nascimento |c 1926 | ||
| 500 | |a Port.- v.: Impreso en los talleres de la Editorial Nascimento. Santiago de Chile.- 1926. Dedicatoria a Don Antonio de Salazar Moscoso. Feliú Cruz, N§ 338 | ||
| 600 | 0 | |a Cervantes y Saavedra, Miguel de |9 267947 | |
| 650 | 7 | |a BIOGRAFIA |2 CL-VaPUC |9 504622 | |
| 650 | 7 | |a NOVELA ESPAÑOLA |2 CL-VaPUC |9 313139 | |
| 650 | 0 | |a Crítica literaria |9 269189 | |
| 583 | |a last modification |c 20070124 00:00:00 |k Rodrigo Vera | ||
| 999 | |c 319895 |d 319893 | ||
| 952 | |0 0 |1 0 |4 0 |6 983_000000000000000_MED_1926 |7 0 |8 X |9 398297 |a FDOBUD |b FDOBUD |d 2019-11-22 |i 1008080 |o 983 MED 1926 |p 1008080 |r 2019-11-22 |w 2019-11-22 |y BK_X |k BUD | ||